Sudden Death - Nachbarländer Algeriens - Statistiken

Allgemein
  • Dieses Quiz wurde 64 mal gespielt
  • Das Durchschnittsergebnis liegt bei 4 aus 6
Answers on the Grid
Answers color-coded by a green-red scale on the quiz's grid according to % correct below.
Marokko🇲🇦
Tunesien🇹🇳
Libyen🇱🇾
Niger🇳🇪
Mali🇲🇱
Mauretanien🇲🇷
Ägypten🇪🇬
Malta🇲🇹
Spanien🇪🇸
Israel🇮🇱
Tschad🇹🇩
Sudan🇸🇩
Italien🇮🇹
Nigeria🇳🇬
Senegal🇸🇳
Libanon🇱🇧
Gambia🇬🇲
Burkina Faso🇧🇫
Kamerun🇨🇲
Südsudan🇸🇸
 
Antwortstatistiken
Antwort % Korrekt
Marokko🇲🇦
89%
Tunesien🇹🇳
83%
Libyen🇱🇾
70%
Mauretanien🇲🇷
55%
Mali🇲🇱
49%
Niger🇳🇪
36%
Keine übereinstimmenden Quizze gefunden
Verteilung der Resultate
Anzahl Personen mit jedem Resultat
Perzentil nach korrekt beantworteten Fragen
Ihre Resultats-Entwicklung
Sie haben dieses Quiz noch nicht gespielt